00574nam a2200205 a 4500001001300000003000900013005001700022008004100039020002300080082001500103100002200118245006700140260003600207300000900243500003500252505001900287650001900306650002100325700002200346nice12345678IN_TiNIC20260116012839.0050524s1992 newa grp 000 0 eng  a0144612 c17500a291.8bEMB aEmbree, Ainslie T aSources of Indian Tradition, Vol.1, from the Beginning to 1800 aNew DelhibPenguin Books c1992 a541p aincludes index and biblioraphy2 abiblio., index aIndia-Religion aReligion-Sources1 aEmbree, Ainslie T